Country by Historical Site - Map Quiz (Randomised Version) - Statistics

General Stats
  • This quiz has been taken 26 times
  • The average score is 5 of 30
Answers on the Map
Answers color-coded by a green-red scale on the quiz's map according to % correct below.
 
Answer Stats
Answer % Correct
Angkor Wat
100%
Bled Castle
100%
Carthage
100%
Château de Chambord
100%
Jaffa
100%
ǁKhauxaǃnas
100%
Ubirr
100%
Complex of Koguryo Tombs
67%
Asante Traditional Buildings
50%
Bamburgh Castle
50%
Cēsis Castle
50%
Fort Chambly
50%
Göbekli Tepe
50%
León Viejo
50%
Tyre
50%
Wenceslas Square
50%
Butrint
33%
Fort Nieuw-Amsterdam
33%
Aapravasi Ghat
0%
Adrar Bous
0%
Adulis
0%
Agbodrafo
0%
Aït Benhaddou
0%
Alhambra
0%
Ambohimanga
0%
Asa Koma
0%
Axum
0%
Bagan
0%
Bahla Fort
0%
Banaue Rice Terraces
0%
Banwari Trace
0%
Barriles
0%
Barrouallie
0%
Bel Air Cemetary
0%
Bidzar
0%
Bikini Atoll
0%
Bissandugu
0%
Blombos Cave
0%
Borgund Stave Church
0%
Borobudur
0%
Bouar Megaliths
0%
Bran Castle
0%
Brimstone Hill Fortress National Park
0%
Buada Lagoon
0%
Bujang Valley
0%
Bunce Island
0%
Burana Tower
0%
Butaritari
0%
Caracol
0%
Chavín de Huántar
0%
Chongoni Rock Art Area
0%
Cirta
0%
Citadelle Laferrière
0%
Ciudad Perdida
0%
Cogo
0%
Copán
0%
Devon House
0%
Dilmun Burial Mounds
0%
Diocletian's Palace
0%
Domboshaba
0%
Ducor Hotel
0%
Dumat al-Jandal
0%
Ebla
0%
Ellora
0%
Erebuni Fortress
0%
Erechtheion
0%
Fashoda
0%
Fortaleza de Santa Teresa
0%
Fortaleza de São José da Amura
0%
Fort Antoine Theatre
0%
Fort Bourtange
0%
Forte Real de São Filipe
0%
Fort Fincastle
0%
Fort Kyk-Over-Al
0%
Fort Young
0%
Fraumünster
0%
Gamla Uppsala
0%
Ġgantija
0%
Gondershe
0%
Gorée
0%
Grand-Bassam
0%
Guaita
0%
Guayabo de Turrialba
0%
Gutenberg Castle
0%
Haʻamonga ʻa Maui
0%
Hofburg
0%
Hollókő
0%
Hwangnyongsa
0%
Ifẹ
0%
Ingapirca
0%
Ingombe Ilede
0%
Iroungou Cave
0%
Ishango
0%
Jelling Stones
0%
Jerimalai
0%
Jesús de Tavarangue
0%
Johore Battery
0%
Karakorum
0%
Karnak
0%
Kasubi Tombs
0%
Ked Ra Ngchemiangel
0%
Kernavė
0%
Khami
0%
Khorezm Fortresses
0%
Khotyn Fortress
0%
Kierikki
0%
Kilwa Kisiwani
0%
Kizhi Pogost
0%
Kotor Cathedral
0%
Kourion
0%
Kubah Makam Di Raja
0%
Kuk Swamp
0%
Kukum Field
0%
Kunta Kinteh Island
0%
Kuruhinna Tharaagandu
0%
Leptis Magna
0%
Levuka
0%
Liphofung Historical Site
0%
Livingstone–Stanley Monument
0%
Longmen Grottoes
0%
Madingo Kayes
0%
Malbork Castle
0%
Malindi
0%
M'banza-Kongo
0%
Merv
0%
Minaret of Jam
0%
Mir Castle Complex
0%
Mohenjo-daro
0%
Monastery of Saint Naum
0%
Mt. Rich Petroglyphs
0%
Mỹ Sơn
0%
Nan Madol
0%
Napata
0%
Ndaba Rocks
0%
Nelson's Dockyard
0%
Neuschwanstein Castle
0%
Newgrange
0%
Ngwenya Mine
0%
Nueva Cádiz
0%
Old St. John's Hospital
0%
Otrar
0%
Oualata
0%
Ouara
0%
Ozama Fortress
0%
Palace of the Shirvanshahs
0%
Paro Taktsang
0%
Pashupatinath Temple
0%
Pena Palace
0%
Petra
0%
Phimai Historical Park
0%
Plain of Jars
0%
Pliska
0%
Pompeii
0%
Pont de la Margineda
0%
Presidio Modelo
0%
Prizren Fortress
0%
Pueblo Bonito
0%
Pulemelei Mound
0%
Royal Palaces of Abomey
0%
Ruins of Loropéni
0%
San Ignacio Miní
0%
São Sebastião Museum
0%
Sigiriya
0%
Sistine Chapel
0%
Sofala
0%
Somapura Mahavihara
0%
Soroca Fort
0%
Spiš Castle
0%
St. Ann's Garrison
0%
Stari Most
0%
Stari Ras
0%
Subiya
0%
Susa
0%
Tahai
0%
Takht-i Sangin
0%
Tapung Old Fort
0%
Tazumal
0%
Te Faleatua
0%
Tell Abraq
0%
Temple of Awwam
0%
Teouma
0%
Tetzcoco
0%
Te Wairoa
0%
Þingvellir
0%
Tikal
0%
Timbuktu
0%
Titelberg
0%
Tiwanaku
0%
Tōdai-ji
0%
Toompea Castle
0%
Ujumbe Palace
0%
Umm Al Maa
0%
Uplistsikhe
0%
Uruk
0%
Valongo Wharf
0%
Vigie
0%
No matching quizzes found
Score Distribution
Percent of People with Each Score
Percentile by Number Answered
Your Score History
You have not taken this quiz